000 00511nam a2200193Ia 4500
003 OSt
005 20260226153535.0
008 210210b1994 xxu||||| |||| 00| 0 eng d
040 _cAL
041 _aHindi
082 _a861/57
100 _aGUPTA (Maithilisharan)
_dगुप्त (मैथिलीशरण)
_9256883
245 _aKisan
_bकिसान
260 _aChirganv
_bSahity Sadhan
_c1994
650 _aKisan
_9256884
690 _aHindi Poetry
_9256885
906 _a023078
942 _2ddc
_cBK
999 _c147966
_d147966